Evidence taken in the province of Ajmer-Merwara (Record no. 663674)

MARC details
000 -LEADER
fixed length control field 00715nam a2200229Ia 4500
003 - CONTROL NUMBER IDENTIFIER
control field OSt
005 - DATE AND TIME OF LATEST TRANSACTION
control field 20220926040018.0
008 - FIXED-LENGTH DATA ELEMENTS--GENERAL INFORMATION
fixed length control field 220923b |||||||| |||| 00| 0 eng d
037 ## - SOURCE OF ACQUISITION
Terms of availability General Book
040 ## - CATALOGING SOURCE
Original cataloging agency RTL
Transcribing agency RTL
Language of cataloging eng
041 ## - LANGUAGE CODE
Source of code eng
Language code of text/sound track or separate title eng
110 ## - MAIN ENTRY--CORPORATE NAME
Corporate name or jurisdiction name as entry element Banking enquiry committee for the centrally administered areas 1929-30
9 (RLIN) 343064
245 #0 - TITLE STATEMENT
Title Evidence taken in the province of Ajmer-Merwara
260 ## - PUBLICATION, DISTRIBUTION, ETC.
Date of publication, distribution, etc. 1930
650 ## - SUBJECT ADDED ENTRY--TOPICAL TERM
Topical term or geographic name entry element Banking
700 ## - ADDED ENTRY--PERSONAL NAME
Personal name Banking enquiry committee for the centrally administered areas 1929-30
9 (RLIN) 343065
942 ## - ADDED ENTRY ELEMENTS (KOHA)
Classification part X62t2o1:N29, G0.3
Koha item type General Books
Source of classification or shelving scheme Colon Classification (CC)
Holdings
Withdrawn status Lost status Damaged status Not for loan Home library Current library Date acquired Total Checkouts Full call number Barcode Date last seen Price effective from Koha item type
        Ratan Tata Library Ratan Tata Library 2022-09-26   X62t2o1:N29 G0.3 RT0030534 2022-09-26 2022-09-26 General Books
Copyright @ Delhi University Library System